000 00578nam a2200205 a 4500
001 84780
003 BD-RjUL
005 20250408110552.0
008 250408r19791969enk||||| |||| 00| 0 eng d
035 _a(BD-RjUL)84780
040 _aBD-RjUL
_beng
_cBD-RjUL
041 _aeng
082 _a821.7
_bDUW 1979
100 _aGeoffrey Durrant
_915190
245 _aWilliam Wordsworth /
_cGeoffrey Durrant
260 _aCambridge :
_bUniversity Press,
_c1969, [reprinted 1979]
300 _avii, 161 pages ;
_c23 cm.
600 _aWordsworth, William
_d1770-1850
942 _2ddc
_cBK
999 _c84780
_d84780